00413nam a2200145Ia 4500008004100000041000900041082001800050100001500068245002300083260003300106300000800139650000800147999001700155952009500172230718s9999 xx 000 0 und d aEng. a346.66bUMA-C aUmar, Asad 0aCompanies Act 2017 aPakistanbMansoor Bookc2017 a496 aLaw c31788d31788 00104070aSIRC-LbSIRC-Ld2023-07-18l0o346.66 UMA-Cp26739r2023-07-18w2023-07-18yBK